[Event "Montreal Pere Noel"]
[Site "Montreal"]
[Date "1991.12.29"]
[Round "4"]
[White "Rispler, Paul"]
[Black "Charest, Johanne"]
[Result "0-1"]
[WhiteElo "1861"]
[BlackElo "1808"]
[PlyCount "54"]
[EventDate "1991.12.26"]
[EventType "swiss"]
[EventRounds "5"]
[EventCountry "CAN"]
[SourceTitle "EXT 2022"]
[Source "ChessBase"]
[SourceDate "2021.10.06"]
[SourceVersion "1"]
[SourceVersionDate "2021.10.06"]
[SourceQuality "1"]

1. f4 Nf6 2. Nf3 d5 3. e3 c5 4. b3 e6 5. Bb2 Be7 6. Ne5 a6 7. Bd3 b6 8. Nc3 Bb7 9. Ne2 Nc6 10. 0-0 0-0 11. Ng3 g6 12. Nh1 Re8 13. Rf3 Bf8 14. Rh3 Bg7 15. Nxc6 Bxc6 16. g4 Nd7 17. Bxg7 Kxg7 18. g5 Rh8 19. Rh6 f6 20. h4 e5 21. Qg4 exf4 22. exf4 f5 23. Bxf5 Nf6 24. gxf6+ Qxf6 25. Re1 Rae8 26. Rxe8 Rxe8 27. Qg5 Qa1+ 0-1